Battlebots of the Reboot Era - Statistics

General Stats
  • This quiz has been taken 329 times
  • The average score is 250 of 383
Answer Stats
Hint Answer % Correct
WC1 Runner Up Tombstone
99%
WC2 Champion Tombstone
99%
WC3 Top 16 Tombstone
99%
WC4 Top 4 Tombstone
99%
WC5 Top 16 Tombstone
99%
WC6 Top 32 Tombstone
99%
WC1 Champion Bite Force
97%
WC2 Top 16 Bite Force
97%
WC3 Champion Bite Force
97%
WC4 Champion Bite Force
97%
WC1 Elite 8 Witch Doctor
94%
WC2 Top 32 Witch Doctor
94%
WC3 Top 16 Witch Doctor
94%
WC4 Runner Up Witch Doctor
94%
WC5 Top 16 Witch Doctor
94%
WC6 Runner Up Witch Doctor
94%
WC7 Top 8 Witch Doctor
94%
WC2 Final 4 Minotaur
93%
WC3 Runner Up Minotaur
93%
WC4 Top 8 Minotaur
93%
WC6 Top 8 Minotaur
93%
WC7 Top 8 Minotaur
93%
WC2 Qualifiers Sawblaze
91%
WC3 Top 16 Sawblaze
91%
WC4 Top 8 Saw Blaze
91%
WC5 Top 8 Saw Blaze
91%
WC6 Top 4 SawBlaze
91%
WC7 Champion SawBlaze
91%
WC1 Final 4 Bronco
90%
WC2 Elite 8 Bronco
90%
WC3 Top 8 Bronco
90%
WC4 Fight Cards Bronco
90%
WC5 Bounty Bots Bronco
90%
WC3 Qualifying Match End Game
90%
WC4 Fight Cards End Game
90%
WC5 Champion End Game
90%
WC6 Top 16 End Game
90%
WC7 Top 16 End Game
90%
WC3 Top 16 Huge
89%
WC4 Top 16 Huge
89%
WC5 Top 32 Huge
89%
WC6 Top 32 Huge
89%
WC7 Runner Up Huge
89%
WC1 Top 16 HyperShock
87%
WC2 Top 16 HyperShock
87%
WC3 Fight Cards HyperShock
87%
WC4 Qualifying Match HyperShock
87%
WC5 Top 32 HyperShock
87%
WC6 Top 32 HyperShock
87%
WC7 Top 16 HyperShock
87%
WC4 Top 16 Hydra
86%
WC5 Top 8 Hydra
86%
WC6 Top 4 Hydra
86%
WC7 Top 8 Hydra
86%
WC2 Top 32 Son of Whyachi
86%
WC3 Top 16 Son of Whyachi
86%
WC4 Top 16 Son of Whyachi
86%
WC5 Bounty Bots Son of Whyachi
86%
WC3 Fight Cards Tantrum
86%
WC4 Fight Cards Tantrum
86%
WC5 Top 4 Tantrum
86%
WC6 Champion Tantrum
86%
WC7 Top 32 Tantrum
86%
WC3 Final 4 Whiplash
86%
WC4 Top 8 Whiplash
86%
WC5 Runner Up Whiplash
86%
WC6 Top 16 Whiplash
86%
WC7 Top 16 Whiplash
86%
WC2 Runner Up Bombshell
85%
WC3 Top 8 Bombshell
85%
WC4 Fight Cards Bombshell
85%
WC1 Top 16 Chomp
84%
WC2 Elite 8 Chomp
84%
WC3 Fight Cards Chomp
84%
WC5 Fight Cards Chomp
84%
WC2 Elite 8 BETA
82%
WC5 Top 32 BETA
82%
WC7 Top 32 BETA
82%
WC1 Qualifiers Captain Shrederator
82%
WC2 Top 32 Captain Shrederator
82%
WC3 Fight Cards Captain Shrederator
82%
WC4 Fight Cards Captain Shrederator
82%
WC5 Fight Cards Captain Shrederator
82%
WC6 Top 32 Captain Shrederator
82%
WC7 Fight Cards Captain Shrederator
82%
WC1 Top 16 Lock Jaw
82%
WC2 Top 32 Lock Jaw
82%
WC3 Final 4 Lock Jaw
82%
WC4 Top 8 Lock Jaw
82%
WC5 Top 32 Lock Jaw
82%
WC6 Fight Cards Lock Jaw
82%
WC7 Top 16 Lock Jaw
82%
WC3 Last Chance Rumble Gigabyte
81%
WC4 Fight Cards Gigabyte
81%
WC5 Top 16 Gigabyte
81%
WC6 Top 32 Gigabyte
81%
WC7 Fight Cards Gigabyte
81%
WC2 Top 32 Cobalt
80%
WC4 Qualifying Match Cobalt
80%
WC6 Top 8 Cobalt
80%
WC7 Top 32 Cobalt
80%
WC4 Qualifying Match Copperhead
80%
WC5 Top 32 Copperhead
80%
WC6 Top 16 Copperhead
80%
WC7 Top 4 Copperhead
80%
WC1 Elite 8 Icewave
80%
WC2 Top 32 Icewave
80%
WC3 Top 16 Icewave
80%
WC5 Bounty Bots Icewave
80%
WC6 Top 32 Icewave
80%
WC2 Play Ins Skorpios
80%
WC3 Fight Cards Skorpios
80%
WC4 Qualifying Match Skorpios
80%
WC5 Top 32 Skorpios
80%
WC6 Top 32 Skorpios
80%
WC7 Top 32 Skorpios
80%
WC2 Qualifiers Rotator
79%
WC3 Top 8 Rotator
79%
WC4 Qualifying Match Rotator
79%
WC5 Top 16 Rotator
79%
WC6 Top 16 Rotator
79%
WC7 Top 32 Rotator
79%
WC3 Last Chance Rumble DUCK!
78%
WC4 Qualifying Match DUCK!
78%
WC6 Fight Cards DUCK!
78%
WC2 Final 4 Yeti
78%
WC3 Top 16 Yeti
78%
WC4 Top 16 Yeti
78%
WC6 Top 32 Yeti
78%
WC4 Top 16 Black Dragon
77%
WC5 Top 4 Black Dragon
77%
WC6 Top 16 Black Dragon
77%
WC7 Top 16 Black Dragon
77%
WC1 Final 4 Ghost Raptor
77%
WC2 Top 32 Ghost Raptor
77%
WC5 Fight Cards Ghost Raptor
77%
WC6 Fight Cards Ghost Raptor
77%
WC6 Top 8 Riptide
77%
WC7 Top 8 Riptide
77%
WC4 Fight Cards Mammoth
75%
WC5 Top 16 Mammoth
75%
WC6 Top 32 Mammoth
75%
WC7 Fight Cards Mammoth
75%
WC1 Elite 8 Overhaul
75%
WC2 Top 32 Overhaul
75%
WC3 Fight Cards Overhaul
75%
WC6 Fight Cards Overhaul
75%
WC7 Fight Cards Overhaul
75%
WC4 Fight Cards Ribbot
75%
WC5 Top 8 Ribbot
75%
WC6 Top 32 Ribbot
75%
WC7 Top 4 Ribbot
75%
WC3 Last Chance Rumble Valkyrie
75%
WC4 Qualifying Match Valkyrie
75%
WC5 Top 16 Valkyrie
75%
WC6 Top 32 Valkyrie
75%
WC7 Fight Cards Valkyrie
75%
WC2 Top 32 Blacksmith
74%
WC3 Fight Cards Blacksmith
74%
WC4 Top 16 Blacksmith
74%
WC6 Fight Cards Blacksmith
74%
WC2 Qualifiers Death Roll
74%
WC4 Top 4 Death Roll
74%
WC7 Top 32 Death Roll
74%
WC4 Fight Cards Shatter!
74%
WC5 Top 8 Shatter
74%
WC6 Top 32 Shatter
74%
WC7 Top 32 Shatter
74%
WC3 Top 8 Monsoon
73%
WC4 Fight Cards Monsoon
73%
WC7 Top 16 Monsoon
73%
WC6 Top 8 Blip
72%
WC7 Top 32 Blip
72%
WC5 Top 32 Fusion
72%
WC6 Fight Cards Fusion
72%
WC7 Top 32 Fusion
72%
WC4 Fight Cards Mad Catter
72%
WC5 Top 32 Mad Catter
72%
WC6 Top 32 Mad Catter
72%
WC7 Top 16 Mad Catter
72%
WC1 Top 16 Warrior Clan
72%
WC2 Top 32 Warrior Clan
72%
WC3 Fight Cards Warrior Dragon
72%
WC4 Qualifying Match Bloodsport
71%
WC5 Top 16 Bloodsport
71%
WC6 Top 32 Bloodsport
71%
WC7 Top 32 Bloodsport
71%
WC2 Top 32 Lucky
71%
WC3 Last Chance Rumble Lucky
71%
WC4 Fight Cards Lucky
71%
WC6 Top 32 Lucky
71%
WC7 Top 32 Lucky
71%
WC1 Qualifiers Nightmare
71%
WC2 Top 16 Nightmare
71%
WC6 Withdrew From Bracket Glitch
69%
WC7 Fight Cards Glitch
69%
WC2 Top 16 Red Devil
69%
WC3 Last Chance Rumble Red Devil
69%
WC1 Elite 8 Stinger
69%
WC2 Top 32 Stinger
69%
WC1 Top 16 Radioactive
68%
WC1 Top 16 Warhead
68%
WC2 Top 16 Warhead
68%
WC3 Fight Cards Warhead
68%
WC4 Top 16 Uppercut
67%
WC5 Top 16 Uppercut
67%
WC6 Top 16 Uppercut
67%
WC4 Top 16 Quantum
66%
WC7 Top 32 Quantum
66%
WC5 Fight Cards Rusty
66%
WC6 Fight Cards Rusty
66%
WC7 Alternate Rusty
66%
WC5 Top 32 Malice
65%
WC6 Play Ins Malice
65%
WC7 Top 16 Malice
65%
WC2 Top 16 Brutus
64%
WC3 Qualifying Match Brutus
64%
WC3 Fight Cards Free Shipping
64%
WC4 Fight Cards Free Shipping
64%
WC6 Fight Cards Free Shipping
64%
WC7 Fight Cards Free Shipping
64%
WC2 Elite 8 Poison Arrow
63%
WC2 Qualifiers SubZero
63%
WC3 Fight Cards SubZero
63%
WC4 Fight Cards SubZero
63%
WC5 Top 32 SubZero
63%
WC6 Fight Cards SubZero
63%
WC3 Top 16 WAR Hawk
63%
WC4 Fight Cards WAR Hawk
63%
WC5 Fight Cards Big Dill
61%
WC6 Battlebots Champions Big Dill
61%
WC7 Fight Cards Big Dill
61%
WC7 Alternate DOOM
61%
WC3 Fight Cards Kraken
61%
WC4 Fight Cards Kraken
61%
WC5 Top 32 Kraken
61%
WC6 Fight Cards Kraken
61%
WC7 Fight Cards Kraken
61%
WC7 Top 32 RIPperoni
61%
WC6 Fight Cards Slammo
60%
WC7 Alternate Slammo
60%
WC1 Qualifiers Complete Control
59%
WC2 Top 32 Complete Control
59%
WC4 Fight Cards Deep Six
59%
WC6 Fight Cards Deep Six
59%
WC2 Play Ins Gemini
59%
WC3 Fight Cards Gemini
59%
WC4 Fight Cards Gemini
59%
WC5 Fight Cards Gemini
59%
WC4 Fight Cards P1
59%
WC5 Fight Cards P1
59%
WC6 Top 16 P1
59%
WC1 Top 16 OverDrive
58%
WC2 Qualifiers OverDrive
58%
WC1 Qualifiers Counter Revolution
57%
WC4 Qualifying Match Railgun MAX
57%
WC5 Fight Cards Claw Viper
56%
WC6 Fight Cards Claw Viper
56%
WC7 Top 32 Claw Viper
56%
WC4 Fight Cards Gruff
56%
WC5 Top 32 Gruff
56%
WC6 Fight Cards Gruff
56%
WC7 Fight Cards Gruff
56%
WC5 Top 32 Hijinx
55%
WC6 Top 32 Hijinx
55%
WC7 Fight Cards Hijinx
55%
WC5 Top 32 Jackpot
55%
WC6 Top 16 Jackpot
55%
WC7 Top 32 Jackpot
55%
WC7 Fight Cards Starchild
55%
WC2 Top 16 Mega Tento
54%
WC7 Alternate Doomba
53%
WC3 Fight Cards Double Jeopardy
53%
WC4 Fight Cards Double Jeopardy
53%
WC6 Battlebots Champions Double Jeopardy
53%
WC1 Top 16 Plan X
53%
WC1 Qualifiers Razorback
52%
WC2 Top 16 Razorback
52%
WC1 Qualifiers Sweet Revenge
51%
WC3 Fight Cards Axe Backwards
50%
WC4 Fight Cards Axe Backwards
50%
WC5 Fight Cards Axe Backwards
50%
WC1 Qualifiers Mohawk
50%
WC2 Qualifiers Mohawk
50%
WC3 Fight Cards Mohawk
50%
WC5 Top 32 Slammo
50%
WC7 Alternate Terrortops
50%
WC1 Qualifiers Wrecks
50%
WC2 Qualifiers Wrecks
50%
WC2 Play Ins Creepy Crawlies
49%
WC7 Alternate Dragon King
49%
WC5 Top 32 Perfect Phoenix
49%
WC6 Battlebots Champions Perfect Phoenix
49%
WC7 Fight Cards Triton
49%
WC2 Qualifiers Splatter
48%
WC7 Alternate Double Tap
47%
WC6 Fight Cards Switchback
47%
WC7 Top 32 Switchback
47%
WC2 Top 32 The Ringmaster
47%
WC2 Qualifiers Black Ice
46%
WC2 Qualifiers Bucktooth Burl
46%
WC2 Top 32 Chrome Fly
46%
WC6 Play Ins Defender
46%
WC4 Fight Cards Falcon
46%
WC3 Fight Cards Petunia
46%
WC4 Fight Cards Petunia
46%
WC7 Fight Cards Shreddit Bro
46%
WC5 Fight Cards Pain Train
44%
WC6 Fight Cards Pain Train
44%
WC4 Fight Cards Wan Hoo
44%
WC7 Fight Cards Emulsifier
43%
WC7 Fight Cards Horizon
43%
WC2 Play Ins Invader
43%
WC5 Fight Cards SMEEEEEEEE
43%
WC6 Fight Cards SMEEEEEEEE
43%
WC2 Qualifiers UltraViolent
43%
WC2 Top 32 Escape Velocity
42%
WC2 Play Ins Bad Kitty
41%
WC7 Fight Cards Banshee
41%
WC2 Play Ins Basilisk
41%
WC3 Fight Cards Basilisk
41%
WC4 Fight Cards Chronos
41%
WC5 Fight Cards Chronos
41%
WC4 Fight Cards Nelly The Ellybot
41%
WC3 Fight Cards Four Horsemen
40%
WC4 Fight Cards Four Horsemen
40%
WC7 Fight Cards Ominous
40%
WC2 Qualifiers Ultimo Destructo
40%
WC3 Fight Cards Ultimo Destructo
40%
WC2 Qualifiers Disk O' Inferno
39%
WC6 Fight Cards Blade
38%
WC3 Fight Cards Gamma 9
38%
WC5 Fight Cards Gamma 9
38%
WC5 Fight Cards Rampage
38%
WC6 Fight Cards Rampage
38%
WC3 Fight Cards Sharko
38%
WC5 Fight Cards Sharko
38%
WC5 Fight Cards Atom 94
37%
WC4 Fight Cards Rainbow
37%
WC5 Fight Cards Axolotl
36%
WC3 Fight Cards Battle Royal With Cheese
35%
WC2 Play Ins Lycan
35%
WC2 Qualifiers Moebius
35%
WC2 Qualifiers Photon Storm
35%
WC5 Fight Cards Aegis
34%
WC3 Fight Cards Bale Spear
34%
WC5 Fight Cards Bale Spear
34%
WC5 Fight Cards War EZ
34%
WC4 Fight Cards Extinguisher
33%
WC5 Fight Cards Extinguisher
33%
WC3 Fight Cards Mecha Rampage
32%
WC3 Fight Cards Reality
32%
WC4 Fight Cards Shellshock
32%
WC5 Fight Cards Sporkinok
32%
WC3 Fight Cards Vanquish
32%
WC3 Fight Cards Double Dutch
31%
WC4 Fight Cards Foxtrot
31%
WC4 Fight Cards Kingpin
31%
WC4 Fight Cards Daisy Cutter
30%
WC6 Fight Cards Dragon Slayer
30%
WC5 Fight Cards Grabbot
30%
WC2 Withdrew From Qualifiers Hellachopper
30%
WC4 Fight Cards Jasper
30%
WC2 Qualifiers Obwalden Overlord
30%
WC4 Fight Cards Texas Twister
30%
WC6 Fight Cards Jager
29%
WC6 Fight Cards Retrograde
29%
WC5 Fight Cards Slap Box
29%
WC4 Fight Cards Sidewinder
28%
WC4 Fight Cards Breaker Box
27%
WC5 Fight Cards Deadlift
27%
WC6 Fight Cards Deadlift
27%
WC3 Fight Cards Predator
27%
WC3 Fight Cards Deviled Egg
26%
WC4 Fight Cards Marvin
26%
WC3 Fight Cards Parallax
26%
WC6 Fight Cards Pardon My French
26%
WC5 Fight Cards Tracer
26%
WC4 Fight Cards Battle Saw
25%
WC5 Fight Cards Black Widow
25%
WC3 Fight Cards Hypothermia
25%
WC4 Fight Cards Ragnarok
22%
WC6 Fight Cards Triple Crown
22%
No matching quizzes found
Score Distribution
Percent of People with Each Score
Percentile by Number Answered
Your Score History
You have not taken this quiz